| 000 | 00560nam a2200217Ia 4500 | ||
|---|---|---|---|
| 003 | OSt | ||
| 005 | 20250918145712.0 | ||
| 008 | 210719s9999 xx 000 0 und d | ||
| 040 | _cAL | ||
| 041 | _aTulu | ||
| 082 | _aT894.2 SANR | ||
| 100 |
_aSANJIVA DANDEKERI _dಸಂಜೀವ ದಂಡಕೇರಿ _9239421 |
||
| 245 |
_aRadha-Krashna _bರಾಧಾ-ಕೃಷ್ಣ |
||
| 260 | _aMangaluru | ||
| 300 |
_a35 _bPB |
||
| 365 |
_b25 _cRs |
||
| 650 |
_aTulu Drama _9239422 |
||
| 650 |
_aTulu Drama _9239422 |
||
| 906 | _aRadha-Krashna | ||
| 942 |
_2ddc _cBK |
||
| 999 |
_c214687 _d214687 |
||